000 00554nam a22001817a 4500
003 OSt
005 20251024010004.0
008 251007b |||||||| |||| 00| 0 eng d
020 _a971-0459-21-6.
040 _aDWCL-Main lib
_cOC
082 _aFil. 320 R112g 2008
100 _aRabbon, Calixto R.
245 _aGovernment and politics :
_bspecial textbook for criminology students
260 _aQuezon City :
_bWiseman's Books Trading,
_cc2008.
300 _axii, 223 pages ;
_c23 cm.
650 _21. Political science.
942 _2ddc
_cBK - FIL
_kFil.
_n0
999 _c4664
_d4664